[Event "Hessen 1-Niedersachsen 1"]
[Site "?"]
[Date "2015.09.08"]
[Round "3.2"]
[White "Nehmert, Ulrich"]
[Black "Ljubarskij, Juri"]
[Result "1/2-1/2"]
[WhiteElo "2360"]
[BlackElo "2226"]
[PlyCount "57"]
[EventDate "2015.??.??"]

1. c4 c6 2. d4 d5 3. Nf3 Nf6 4. e3 e6 5. Bd3 Nbd7 6. O-O dxc4 7. Bxc4 b5 8. Be2
Bb7 9. b3 a6 10. Bb2 c5 11. a4 b4 12. Nbd2 Be7 13. Rc1 O-O 14. Ne5 cxd4 15. exd4
Nxe5 16. dxe5 Nd5 17. Ne4 Nf4 18. Rc4 Qxd1 19. Bxd1 Nd3 20. Ba1 Rac8 21. Nd6
Bxd6 22. exd6 Rxc4 23. bxc4 Rd8 24. Bc2 Nc5 25. Bd4 Ne4 26. c5 b3 27. Bxe4 Bxe4
28. f3 Bc6 29. Rb1 1/2-1/2

[Event "Hessen 1-Niedersachsen 1"]
[Site "?"]
[Date "2015.09.08"]
[Round "3.3"]
[White "Adibekian, Roubik"]
[Black "Bosbach, Gerhard"]
[Result "1/2-1/2"]
[WhiteElo "2210"]
[BlackElo "2204"]
[PlyCount "169"]
[EventDate "2015.??.??"]

1. d4 Nf6 2. Nf3 e6 3. c4 b6 4. g3 Bb7 5. Bg2 Be7 6. O-O O-O 7. Nc3 d6 8. Qc2
Nbd7 9. Rd1 c5 10. e4 cxd4 11. Nxd4 Qb8 12. b3 a6 13. Bb2 Rd8 14. Rd2 Qc7 15.
Rc1 Rac8 16. h3 Qb8 17. Qd1 Qa8 18. Qe2 Bf8 19. Re1 Ne5 20. f4 Nc6 21. Na4 Nd7
22. Kh2 Qb8 23. Nf3 Ba8 24. Nc3 Na7 25. Red1 b5 26. cxb5 Nxb5 27. Nxb5 axb5 28.
Nd4 b4 29. Nc2 Rc6 30. Rd4 Rb6 31. Qd2 Nf6 32. Nxb4 d5 33. Nc2 Rc8 34. exd5 Bxd5
35. Ne3 Rbc6 36. Nxd5 Nxd5 37. Qe2 Bb4 38. Rc4 Rxc4 39. bxc4 Nc3 40. Bxc3 Bxc3
41. Qd3 Ba5 42. Rb1 Qa7 43. Qa3 Qc7 44. c5 g5 45. Rb5 Bd2 46. fxg5 Bxg5 47. Qf3
Qe5 48. Rb7 Bf6 49. c6 Kg7 50. a4 Rc7 51. Rb5 Qd4 52. Qb3 Be5 53. Rb4 Qf2 54.
Rg4+ Kf6 55. Qf3+ Qxf3 56. Bxf3 Ra7 57. Rc4 Ke7 58. Kg2 Bc7 59. g4 Ra5 60. Be4
h6 61. Kf3 Re5 62. Bd3 Kd6 63. Rf4 f5 64. gxf5 exf5 65. Bxf5 Kxc6 66. Be4+ Kd6
67. Rf6+ Re6 68. Rf5 Re5 69. Rf8 Ke7 70. Rh8 Re6 71. Ra8 Re5 72. Ra6 Ra5 73. Rc6
Bd6 74. Rc4 Rc5 75. Rd4 Be5 76. Rb4 Bc7 77. Bd3 Kf6 78. h4 Ba5 79. Rg4 Bd2 80.
Ke2 Bc1 81. Rg6+ Ke5 82. Ra6 Kd4 83. Bg6 Bf4 84. Bd3 Rh5 85. Bb5 Kc3 86. Rb6 Kb3
87. a5 Kb4 88. a6 Ka5 89. a7 Kxb6 90. a8=Q Rxb5 91. h5 Bc7 1/2-1/2

[Event "Hessen 1-Niedersachsen 1"]
[Site "?"]
[Date "2015.09.08"]
[Round "3.4"]
[White "Kargoll, Herbert"]
[Black "Jolowicz, Matias"]
[Result "1-0"]
[WhiteElo "2184"]
[BlackElo "2159"]
[PlyCount "75"]
[EventDate "2015.??.??"]

1. e4 Nf6 2. e5 Nd5 3. c4 Nb6 4. Nc3 d6 5. exd6 exd6 6. d4 Nc6 7. Be3 Be7 8. h3
O-O 9. Nf3 Bf5 10. b3 Re8 11. Be2 Bf6 12. Rc1 a5 13. O-O Qd7 14. d5 Nb4 15. Bd4
Bxd4 16. Nxd4 Bg6 17. Qd2 Qe7 18. Rce1 Qh4 19. f4 Nd7 20. f5 Bh5 21. Bxh5 Qxh5
22. Ncb5 Na6 23. Qxa5 Qh4 24. Qd2 Ndc5 25. Nf3 Qf6 26. b4 Ne4 27. Qf4 g5 28. Qc1
c6 29. Rxe4 Rxe4 30. Qxg5+ Qxg5 31. Nxg5 Rxc4 32. Nxd6 Rxb4 33. dxc6 bxc6 34.
Ndxf7 Nc5 35. f6 Rb7 36. Nh6+ Kf8 37. Nxh7+ Ke8 38. f7+ 1-0

[Event "Baden-Rheinland-Pfalz 1"]
[Site "?"]
[Date "2015.09.08"]
[Round "3.1"]
[White "Giesen, Dieter"]
[Black "Nekrasov, Mihail"]
[Result "1/2-1/2"]
[WhiteElo "2201"]
[BlackElo "2394"]
[PlyCount "33"]
[EventDate "2015.??.??"]
[WhiteTeam "Rheinland-Pfalz 1"]
[BlackTeam "Baden"]

1. e4 d5 2. exd5 Nf6 3. c4 c6 4. d4 cxd5 5. Nc3 e6 6. Nf3 Bb4 7. cxd5 Nxd5 8.
Qc2 Na6 9. Bd2 O-O 10. Bd3 h6 11. O-O Ba5 12. a3 Bb6 13. Ne2 Bd7 14. Rac1 Rc8
15. Qb3 Qf6 16. Bb1 Rfd8 17. Rfd1 1/2-1/2

[Event "Baden-Rheinland-Pfalz 1"]
[Site "?"]
[Date "2015.09.08"]
[Round "3.2"]
[White "Werner, Clemens"]
[Black "Schumacher, Gottfried"]
[Result "1/2-1/2"]
[WhiteElo "2330"]
[BlackElo "2218"]
[PlyCount "83"]
[EventDate "2015.??.??"]
[WhiteTeam "Baden"]
[BlackTeam "Rheinland-Pfalz 1"]

1. e4 c5 2. Nf3 Nc6 3. c3 d5 4. exd5 Qxd5 5. d4 Bg4 6. Be2 e6 7. h3 Bh5 8. c4
Qd7 9. g4 Bg6 10. d5 Bxb1 11. Rxb1 Nd4 12. Nxd4 cxd4 13. Qxd4 h5 14. g5 Ne7 15.
Bf3 Nf5 16. Qe4 Bb4+ 17. Kf1 O-O 18. a3 Bd6 19. Bxh5 exd5 20. Qxd5 Ne7 21. Qd3
Rad8 22. b3 Qc7 23. Qf3 Ng6 24. Bb2 Nf4 25. Re1 Rfe8 26. Bc1 Rxe1+ 27. Kxe1 Nd3+
28. Ke2 Nxc1+ 29. Rxc1 Bxa3 30. Rd1 Rxd1 31. Kxd1 g6 32. Bg4 Qd8+ 33. Qd5 Qe7
34. Bf3 b6 35. Be4 Kf8 36. h4 Bc5 37. Ke2 a5 38. Kf1 Qc7 39. Qd3 Qf4 40. Qf3
Qxf3 41. Bxf3 Kg7 42. Kg2 1/2-1/2

[Event "Baden-Rheinland-Pfalz 1"]
[Site "?"]
[Date "2015.09.08"]
[Round "3.3"]
[White "Villing, Dieter"]
[Black "Herbrechtsmeier, Christof"]
[Result "0-1"]
[WhiteElo "2103"]
[BlackElo "2275"]
[PlyCount "84"]
[EventDate "2015.??.??"]
[WhiteTeam "Rheinland-Pfalz 1"]
[BlackTeam "Baden"]

1. d4 Nf6 2. Nc3 d5 3. Bg5 c5 4. Bxf6 gxf6 5. e4 dxe4 6. dxc5 f5 7. Bb5+ Bd7 8.
Qd5 Bxb5 9. Qxd8+ Kxd8 10. Nxb5 Nd7 11. Rd1 Bg7 12. c3 a6 13. Nd4 e6 14. Nge2
Kc7 15. b4 Ne5 16. O-O Rhg8 17. a4 Nc4 18. b5 axb5 19. axb5 Ra2 20. b6+ Kb8 21.
Ra1 Rxa1 22. Rxa1 Rc8 23. Nb3 Bf8 24. Rd1 Bxc5 25. Nxc5 Rxc5 26. Rd7 Nxb6 27.
Rxf7 Rc7 28. Rf6 Nd5 29. Rxe6 Nxc3 30. Nxc3 Rxc3 31. g4 fxg4 32. Rxe4 h5 33. Re5
Rh3 34. Kg2 Kc7 35. f3 Rxf3 36. Rxh5 Rb3 37. Rg5 Rb4 38. Kg3 b5 39. h3 gxh3 40.
Kxh3 Kb6 41. Kg2 Rf4 42. Kg3 Rf6 0-1

[Event "Baden-Rheinland-Pfalz 1"]
[Site "?"]
[Date "2015.09.08"]
[Round "3.4"]
[White "Kiefer, Gerhard"]
[Black "Kelchner, Hans"]
[Result "1-0"]
[WhiteElo "2230"]
[BlackElo "2161"]
[PlyCount "75"]
[EventDate "2015.??.??"]
[WhiteTeam "Baden"]
[BlackTeam "Rheinland-Pfalz 1"]

1. e4 c6 2. d4 d5 3. Nc3 dxe4 4. Nxe4 Nf6 5. Nxf6+ exf6 6. c3 Bd6 7. Bd3 O-O 8.
Qc2 h6 9. Ne2 Be6 10. O-O c5 11. Be3 Qc7 12. Kh1 a6 13. Rad1 Nd7 14. Ng3 cxd4
15. Bxd4 Be5 16. Bh7+ Kh8 17. Bf5 Rfe8 18. Bxe6 fxe6 19. Qg6 Nf8 20. Bxe5 Qxe5
21. Qf7 Rab8 22. Nh5 Qg5 23. f4 Qg6 24. Rd7 Red8 25. Qxg7+ Qxg7 26. Rxg7 Rd5 27.
f5 Rxf5 28. Rxf5 exf5 29. Rf7 Nh7 30. Nxf6 Nxf6 31. Rxf6 Rd8 32. h3 Kg7 33. Rb6
Rd7 34. Kg1 h5 35. h4 Rf7 36. Kf2 Kf8 37. Kf3 Ke8 38. Rh6 1-0

[Event "Hessen 2-Berlin 1"]
[Site "?"]
[Date "2015.09.08"]
[Round "3.1"]
[White "Reichenbach, Werner"]
[Black "Kaulfuss, Helmut"]
[Result "1/2-1/2"]
[WhiteElo "2214"]
[BlackElo "2115"]
[PlyCount "51"]
[EventDate "2015.??.??"]

1. e4 Nc6 2. d4 d5 3. exd5 Qxd5 4. Nf3 Bg4 5. Be2 e6 6. c4 Qd6 7. Nc3 Nf6 8. O-O
Be7 9. Be3 O-O 10. Qd2 Rfd8 11. Rfd1 a6 12. h3 Bf5 13. Qc1 Ne4 14. Bf4 Nxc3 15.
bxc3 Qd7 16. d5 exd5 17. cxd5 Na5 18. Ne5 Qa4 19. Rd4 Qc2 20. Bf3 Qxc1+ 21. Rxc1
Bd6 22. Nc4 Nxc4 23. Rxc4 b5 24. Rd4 Rab8 25. Bxd6 cxd6 26. a4 1/2-1/2

[Event "Hessen 2-Berlin 1"]
[Site "?"]
[Date "2015.09.08"]
[Round "3.2"]
[White "Haase, Wolfgang"]
[Black "Postler, Reinhard"]
[Result "1/2-1/2"]
[WhiteElo "2133"]
[BlackElo "2215"]
[PlyCount "24"]
[EventDate "2015.??.??"]

1. c4 c6 2. d4 d5 3. Nf3 Nf6 4. cxd5 cxd5 5. Bf4 Nc6 6. e3 e6 7. a3 Bd6 8. Bxd6
Qxd6 9. Nc3 O-O 10. Be2 Bd7 11. O-O Rfc8 12. Qd3 Be8 1/2-1/2

[Event "Hessen 2-Berlin 1"]
[Site "?"]
[Date "2015.09.08"]
[Round "3.3"]
[White "Thormann, Wolfgang"]
[Black "Benninger, Rudolf"]
[Result "1/2-1/2"]
[WhiteElo "2224"]
[BlackElo "2097"]
[PlyCount "26"]
[EventDate "2015.??.??"]

1. b3 e5 2. Bb2 Nc6 3. e3 Nf6 4. c4 Bc5 5. Nc3 a6 6. Nf3 d6 7. d4 exd4 8. exd4
Ba7 9. d5 Ne5 10. Nd4 O-O 11. Be2 Re8 12. Qd2 Bd7 13. h3 b5 1/2-1/2

[Event "Hessen 2-Berlin 1"]
[Site "?"]
[Date "2015.09.08"]
[Round "3.4"]
[White "Kopp, Peter"]
[Black "Glienke, Manfred"]
[Result "0-1"]
[WhiteElo "2042"]
[BlackElo "2276"]
[PlyCount "114"]
[EventDate "2015.??.??"]

1. Nf3 d5 2. g3 Nf6 3. Bg2 c6 4. d3 Nbd7 5. Nbd2 e5 6. e4 dxe4 7. dxe4 Bc5 8.
O-O O-O 9. c3 a5 10. a4 Re8 11. h3 Qc7 12. Re1 Nf8 13. Qc2 Ng6 14. Bf1 h6 15.
Nb3 Bb6 16. Be3 Be6 17. Nfd2 Bxe3 18. Rxe3 Rad8 19. Kh2 h5 20. Nc4 b6 21. Rd3
Rxd3 22. Qxd3 Rd8 23. Qc2 h4 24. Nbd2 hxg3+ 25. fxg3 Nf8 26. Nf3 Bxc4 27. Bxc4
Qd6 28. Re1 Ne6 29. Bxe6 Qxe6 30. Ng5 Qd6 31. Re2 Qd3 32. Qxd3 Rxd3 33. Kg2 Nd7
34. Nf3 f6 35. Rd2 Nc5 36. Rxd3 Nxd3 37. b3 b5 38. axb5 cxb5 39. Nd2 a4 40. bxa4
bxa4 41. Nb1 Kf7 42. Kf3 Ke6 43. Ke3 Nc5 44. Na3 Kd6 45. h4 Nb7 46. h5 Kc5 47.
Kf3 Nd6 48. g4 Nb5 49. Nb1 Kc4 50. g5 fxg5 51. Kg4 Nxc3 52. Nd2+ Kd3 53. Nf3
Kxe4 54. Nxg5+ Kd5 55. Nf3 a3 56. Ne1 a2 57. Nc2 Kc4 0-1

[Event "Hamburg 1-Schleswig-Holstein 1"]
[Site "?"]
[Date "2015.09.08"]
[Round "3.1"]
[White "Salov, Sergej"]
[Black "Engelbert, Christoph"]
[Result "1/2-1/2"]
[WhiteElo "2251"]
[BlackElo "2206"]
[PlyCount "45"]
[EventDate "2015.??.??"]
[WhiteTeam "Schleswig-Holstein 1"]
[BlackTeam "Hamburger SK"]

1. e4 g6 2. d4 Bg7 3. Nc3 d6 4. f4 Nc6 5. Be3 Nf6 6. Nf3 O-O 7. e5 Ng4 8. Bg1
dxe5 9. dxe5 Be6 10. h3 Nh6 11. Ng5 Qc8 12. Bd3 Rd8 13. Nxe6 Qxe6 14. Qe2 Nb4
15. Be4 Nf5 16. Bf2 c6 17. a3 Nd5 18. Nxd5 cxd5 19. Bd3 f6 20. exf6 Qxe2+ 21.
Bxe2 Bxf6 22. O-O-O e6 23. g4 1/2-1/2

[Event "Hamburg 1-Schleswig-Holstein 1"]
[Site "?"]
[Date "2015.09.08"]
[Round "3.2"]
[White "Schellhorn, Wolfgang"]
[Black "Gruzmann, Boris"]
[Result "0-1"]
[WhiteElo "2153"]
[BlackElo "2259"]
[PlyCount "78"]
[EventDate "2015.??.??"]
[WhiteTeam "Hamburger SK"]
[BlackTeam "Schleswig-Holstein 1"]

1. e4 e5 2. Nf3 Nc6 3. Bb5 a6 4. Ba4 d6 5. c3 f5 6. d4 fxe4 7. Nxe5 dxe5 8. Qh5+
Ke7 9. Bg5+ Nf6 10. Bxc6 bxc6 11. dxe5 Be6 12. Qh4 Kf7 13. exf6 gxf6 14. Be3 Qd5
15. Nd2 Bf5 16. O-O Re8 17. Bd4 Bg7 18. Rae1 h5 19. f3 e3 20. Ne4 Re6 21. b3
Bxe4 22. fxe4 Qxe4 23. Bxf6 Qxh4 24. Bxh4+ Kg6 25. Rc1 Rhe8 26. Rfe1 Rd6 27. Rc2
Rd3 28. Rec1 Bh6 29. Re2 Rf8 30. h3 Kf5 31. Rf1+ Ke4 32. Rxf8 Bxf8 33. Be1 Bg7
34. c4 Rd1 35. Kf1 Kd3 36. g4 Bc3 37. gxh5 Bxe1 38. Rxe1 Kd2 39. Rxd1+ Kxd1 0-1

[Event "Hamburg 1-Schleswig-Holstein 1"]
[Site "?"]
[Date "2015.09.08"]
[Round "3.3"]
[White "Neumann, Joachim"]
[Black "Horn, Peter"]
[Result "1/2-1/2"]
[WhiteElo "2112"]
[BlackElo "2110"]
[PlyCount "25"]
[EventDate "2015.??.??"]
[WhiteTeam "Schleswig-Holstein 1"]
[BlackTeam "SCC Palame"]

1. c4 e6 2. g3 f5 3. Bg2 Nf6 4. Nf3 d5 5. b3 Bd6 6. d4 c6 7. O-O Qe7 8. Bf4 Bxf4
9. gxf4 O-O 10. Nbd2 Nbd7 11. Ne5 Nxe5 12. dxe5 Ne4 13. Nxe4 1/2-1/2

[Event "Hamburg 1-Schleswig-Holstein 1"]
[Site "?"]
[Date "2015.09.08"]
[Round "3.4"]
[White "Maahs, Erich"]
[Black "Dittmann, Hans-Adolf"]
[Result "1-0"]
[WhiteElo "2081"]
[BlackElo "2141"]
[PlyCount "53"]
[EventDate "2015.??.??"]
[WhiteTeam "SCC Palame"]
[BlackTeam "Schleswig-Holstein 1"]

1. d4 Nf6 2. Nc3 d5 3. Bg5 c6 4. Qd3 Nbd7 5. Nf3 Qc7 6. e4 dxe4 7. Nxe4 Nxe4 8.
Qxe4 e6 9. O-O-O Nb6 10. c4 Be7 11. Bf4 Qd8 12. Bd3 Nd7 13. Rhe1 Nf6 14. Qe2 O-O
15. Ne5 Kh8 16. Bc2 Bd7 17. g4 g6 18. h4 Ng8 19. g5 b5 20. d5 cxd5 21. cxd5 Qc8
22. d6 Bd8 23. h5 f6 24. hxg6 fxg5 25. Qh5 Nf6 26. Qh6 Rg8 27. Nf7# 1-0

[Event "Brandenburg 2-Brandenburg 1"]
[Site "?"]
[Date "2015.09.08"]
[Round "3.1"]
[White "Schulz, Michael"]
[Black "Ellenberg, Ekkehard"]
[Result "1/2-1/2"]
[WhiteElo "2214"]
[BlackElo "2106"]
[PlyCount "22"]
[EventDate "2015.??.??"]
[WhiteTeam "Brandenburg 1"]
[BlackTeam "Brandenburg 2"]

1. e4 c5 2. Nf3 d6 3. Bb5+ Bd7 4. Bxd7+ Qxd7 5. O-O Nc6 6. c4 Nf6 7. Nc3 e6 8.
d4 cxd4 9. Nxd4 Be7 10. Be3 O-O 11. b3 Rfd8 1/2-1/2

[Event "Brandenburg 2-Brandenburg 1"]
[Site "?"]
[Date "2015.09.08"]
[Round "3.3"]
[White "Grottke, Hans-Joachim"]
[Black "Nuenchert, Eveline"]
[Result "1/2-1/2"]
[WhiteElo "2193"]
[BlackElo "2054"]
[PlyCount "22"]
[EventDate "2015.??.??"]
[WhiteTeam "Brandenburg 1"]
[BlackTeam "Brandenburg 2"]

1. Nf3 d5 2. d4 Nf6 3. c4 c6 4. cxd5 cxd5 5. Nc3 Bf5 6. Bf4 e6 7. e3 Nc6 8. Bd3
Bxd3 9. Qxd3 Bd6 10. Bxd6 Qxd6 11. O-O O-O 1/2-1/2

[Event "Niedersachsen 2-NRW"]
[Site "?"]
[Date "2015.09.08"]
[Round "3.2"]
[White "Pape, Manfred"]
[Black "Rotstein, Jefim"]
[Result "1/2-1/2"]
[WhiteElo "2115"]
[BlackElo "2317"]
[PlyCount "57"]
[EventDate "2015.??.??"]
[WhiteTeam "Niedersachsen 2"]
[BlackTeam "NRW"]

1. e4 c5 2. Nf3 e6 3. Nc3 a6 4. d4 cxd4 5. Nxd4 d6 6. Be2 Nf6 7. O-O Be7 8. Be3
O-O 9. f4 Nbd7 10. Bf3 Qc7 11. Qe1 Re8 12. Rd1 Nb6 13. Kh1 e5 14. fxe5 dxe5 15.
Qg3 Kh8 16. Be2 Bd8 17. Nf5 Bxf5 18. Rxf5 Rc8 19. Rdf1 Qc6 20. Bd3 Re6 21. Rg5
g6 22. Rxe5 Nbd7 23. Rxe6 Qxe6 24. Bd4 Kg8 25. e5 Bc7 26. Qg5 Ng4 27. h3 Bxe5
28. Bxe5 Ngxe5 29. Be4 1/2-1/2

[Event "Niedersachsen 2-NRW"]
[Site "?"]
[Date "2015.09.08"]
[Round "3.3"]
[White "Hassenrueck, Helmut"]
[Black "Kaiser, Gerhard"]
[Result "0-1"]
[WhiteElo "2248"]
[BlackElo "2152"]
[PlyCount "76"]
[EventDate "2015.??.??"]
[WhiteTeam "NRW"]
[BlackTeam "Niedersachsen 2"]

1. d4 Nf6 2. Nf3 e6 3. c4 Bb4+ 4. Bd2 Bxd2+ 5. Qxd2 b6 6. g3 Ba6 7. b3 c6 8. Bg2
d5 9. Qc2 Nbd7 10. Nbd2 Rc8 11. e4 c5 12. e5 Ng4 13. h3 Nh6 14. Qb2 dxc4 15. Qa3
Bb5 16. Ne4 Nf5 17. bxc4 Bc6 18. Nd6+ Nxd6 19. exd6 cxd4 20. O-O Qf6 21. Rad1
Bxf3 22. Bxf3 e5 23. Bg4 Rd8 24. Qxa7 Qxd6 25. Rb1 O-O 26. Rb5 f5 27. Bf3 e4 28.
Rd5 Qe6 29. Bd1 Ne5 30. Rxd8 Rxd8 31. c5 bxc5 32. Qxc5 Qd6 33. Qa5 Rf8 34. Bb3+
Kh8 35. Rc1 f4 36. Rc5 fxg3 37. Rxe5 gxf2+ 38. Kf1 Qh6 0-1

[Event "Niedersachsen 2-NRW"]
[Site "?"]
[Date "2015.09.08"]
[Round "3.4"]
[White "Schneider, Alexander"]
[Black "Neese, Hans-Joachim"]
[Result "1/2-1/2"]
[WhiteElo "1989"]
[BlackElo "2175"]
[PlyCount "108"]
[EventDate "2015.??.??"]
[WhiteTeam "Niedersachsen 2"]
[BlackTeam "NRW"]

1. d4 Nf6 2. c4 e6 3. Nc3 d5 4. Nf3 Nbd7 5. e3 c6 6. a3 a5 7. Bd3 Bd6 8. O-O O-O
9. Qc2 Re8 10. b3 h6 11. Bb2 dxc4 12. Bxc4 e5 13. Ne4 Nxe4 14. Qxe4 Nf6 15. Qh4
e4 16. Ne5 Be6 17. Rfc1 Bd5 18. Rc2 Qe7 19. a4 Qe6 20. Bxd5 cxd5 21. f4 Rac8 22.
Rac1 Rxc2 23. Rxc2 Rc8 24. Qf2 Ng4 25. Rxc8+ Qxc8 26. Nxg4 Qxg4 27. Qc2 g5 28.
fxg5 hxg5 29. Bc3 Qc8 30. Qd2 b6 31. Qe1 f5 32. Qc1 Qc7 33. g3 Bb4 34. Bd2 Qxc1+
35. Bxc1 Kf7 36. Kf2 Kg6 37. h3 Kh5 38. Kg2 Bc3 39. Kf2 Bb4 40. Kg2 Be1 41. Kh2
Kg6 42. g4 Bb4 43. Kg2 Bd6 44. gxf5+ Kxf5 45. Bd2 Ke6 46. Be1 Kd7 47. h4 gxh4
48. Kh3 Ba3 49. Bxh4 Bc1 50. Bg5 Kc6 51. Kg4 b5 52. Kf4 bxa4 53. bxa4 Bd2 54.
Ke5 Bb4 1/2-1/2

[Event "Schleswig-Holstein 2-Wuerttemberg 1"]
[Site "?"]
[Date "2015.09.08"]
[Round "3.1"]
[White "Frick, Christoph"]
[Black "Kornrumpf, Joachim"]
[Result "1-0"]
[WhiteElo "2204"]
[BlackElo "2079"]
[PlyCount "69"]
[EventDate "2015.??.??"]

1. Nc3 c5 2. e4 e6 3. g3 Nc6 4. Bg2 g6 5. d3 Bg7 6. Nh3 Nge7 7. O-O O-O 8. Be3
Nd4 9. Qd2 Rb8 10. Nd1 d6 11. c3 Ndc6 12. Bh6 b5 13. Bxg7 Kxg7 14. Ne3 Bd7 15.
Nf4 Qc7 16. Rac1 Ne5 17. Rfd1 Rb6 18. b3 Bc8 19. h4 h6 20. d4 Nd7 21. Ng4 Ng8
22. Qe3 Ndf6 23. Nxf6 Nxf6 24. e5 Nd7 25. Nd3 dxe5 26. dxc5 Rb8 27. c6 Nb6 28.
Qxe5+ Qxe5 29. Nxe5 f6 30. c7 Rb7 31. Bxb7 Bxb7 32. Nd7 Rf7 33. Nxb6 axb6 34.
Rd6 Rxc7 35. Rxe6 1-0

[Event "Schleswig-Holstein 2-Wuerttemberg 1"]
[Site "?"]
[Date "2015.09.08"]
[Round "3.2"]
[White "Boettcher, Ulrich"]
[Black "Fritsch, Rolf"]
[Result "0-1"]
[WhiteElo "2085"]
[BlackElo "2219"]
[PlyCount "75"]
[EventDate "2015.??.??"]

1. d4 g6 2. e4 Bg7 3. Nc3 d6 4. f3 a6 5. Be3 Nd7 6. Qd2 e6 7. g4 b5 8. Nge2 h6
9. Ng3 Ne7 10. Bg2 Bb7 11. f4 e5 12. O-O-O b4 13. Nce2 a5 14. dxe5 dxe5 15. f5
Nf6 16. Qe1 Qc8 17. h3 gxf5 18. gxf5 h5 19. h4 Ng4 20. Bc5 Bh6+ 21. Kb1 Be3 22.
Bxe7 Kxe7 23. Rd3 Ba6 24. Rxe3 Nxe3 25. Bf3 Qd8 26. Nxh5 Nc4 27. f6+ Kd6 28.
Neg3 Kc5 29. Rh2 Qd4 30. Qc1 Qe3 31. Bh1 Rad8 32. Qxe3+ Nxe3 33. Bf3 Rd6 34. a3
bxa3 35. bxa3 Nc4 36. Nf5 Nd2+ 37. Kc1 Nxf3 38. Rf2 0-1

[Event "Schleswig-Holstein 2-Wuerttemberg 1"]
[Site "?"]
[Date "2015.09.08"]
[Round "3.3"]
[White "Seyfried, Claus"]
[Black "Seeck, Klaus"]
[Result "1-0"]
[WhiteElo "2159"]
[BlackElo "2109"]
[PlyCount "57"]
[EventDate "2015.??.??"]

1. e4 e5 2. Nf3 Nc6 3. d4 exd4 4. Nxd4 Nf6 5. Nc3 Nxe4 6. Nxe4 Qe7 7. Bd3 Nxd4
8. O-O Ne6 9. Re1 d5 10. Ng3 g6 11. Qf3 c6 12. c4 dxc4 13. Bxc4 Bg7 14. Bf4 O-O
15. Be5 Qb4 16. Bxg7 Nxg7 17. Bb3 Be6 18. Ne4 Bxb3 19. Nf6+ Kh8 20. axb3 Ne6 21.
Re4 Qe7 22. Qc3 Qc5 23. Rh4 h5 24. Rc4 Qf5 25. Nxh5+ f6 26. Ng3 Qe5 27. Qd2 Kg7
28. Re4 Rfd8 29. Qe2 1-0

[Event "Schleswig-Holstein 2-Wuerttemberg 1"]
[Site "?"]
[Date "2015.09.08"]
[Round "3.4"]
[White "Lehr, Thomas"]
[Black "Weisenburger, Horst"]
[Result "0-1"]
[WhiteElo "1916"]
[BlackElo "2153"]
[PlyCount "66"]
[EventDate "2015.??.??"]

1. g3 e5 2. Nf3 Nc6 3. d4 e4 4. d5 exf3 5. dxc6 bxc6 6. e3 Nf6 7. Nd2 d5 8. Nxf3
Bd6 9. Bg2 Ba6 10. Bf1 Bb7 11. Bg2 O-O 12. O-O Ne4 13. Nd2 f5 14. Nxe4 fxe4 15.
Bd2 Ba6 16. Bc3 Bxf1 17. Qg4 Qe7 18. Rxf1 Be5 19. Bxe5 Qxe5 20. b3 Rf6 21. Qe2
Qb2 22. a4 Raf8 23. Kh1 Qc3 24. Kg1 c5 25. Bh1 Qe5 26. Bg2 Qe6 27. Bh1 g5 28.
Bg2 g4 29. Qb5 Qf7 30. Qxc5 Rxf2 31. Rc1 Re2 32. Qxf8+ Qxf8 33. Rf1 Qc5 0-1

[Event "Bremen-Bayern"]
[Site "?"]
[Date "2015.09.08"]
[Round "3.1"]
[White "Schmidt, Gerhard"]
[Black "Buchal, Stephan"]
[Result "0-1"]
[WhiteElo "2207"]
[BlackElo "2297"]
[PlyCount "58"]
[EventDate "2015.??.??"]

1. d4 g6 2. c4 Bg7 3. Nc3 d6 4. Nf3 Nf6 5. Bg5 h6 6. Bh4 g5 7. Bg3 Nh5 8. e3 Nd7
9. Bd3 c5 10. d5 Nxg3 11. hxg3 Qa5 12. Qc2 Ne5 13. Nd2 Bd7 14. f4 Ng4 15. Ke2
O-O-O 16. a3 Bxc3 17. Qxc3 Qxc3 18. bxc3 Rdg8 19. Raf1 Nf6 20. f5 Kc7 21. Ne4
Ng4 22. f6 Re8 23. Kd2 e6 24. dxe6 Bxe6 25. Be2 Ne5 26. g4 Nxc4+ 27. Kd3 Bd5 28.
Bf3 Rxe4 29. Bxe4 Ne5+ 0-1

[Event "Bremen-Bayern"]
[Site "?"]
[Date "2015.09.08"]
[Round "3.2"]
[White "Rust-Lux, Klaus"]
[Black "Jergler, Karl-Heinz"]
[Result "0-1"]
[WhiteElo "2106"]
[BlackElo "2213"]
[PlyCount "52"]
[EventDate "2015.??.??"]

1. d4 Nf6 2. c4 g6 3. Nc3 d5 4. cxd5 Nxd5 5. e4 Nxc3 6. bxc3 Bg7 7. Nf3 O-O 8.
Be2 c5 9. Be3 Qa5 10. O-O Bg4 11. Qb3 cxd4 12. cxd4 Nc6 13. Rad1 Rad8 14. d5 Ne5
15. Bg5 Qc7 16. Rc1 Qd6 17. Rfe1 Nxf3+ 18. gxf3 Bc8 19. Qe3 a6 20. Bf4 Be5 21.
Bxe5 Qxe5 22. f4 Qd6 23. Bf3 Qb8 24. e5 b5 25. Red1 Bb7 26. f5 Kh8 0-1

[Event "Bremen-Bayern"]
[Site "?"]
[Date "2015.09.08"]
[Round "3.3"]
[White "Daeubler, Heinrich"]
[Black "Gerhardt, Peter-Michael"]
[Result "0-1"]
[WhiteElo "2165"]
[BlackElo "1969"]
[PlyCount "62"]
[EventDate "2015.??.??"]

1. d4 Nf6 2. c4 c5 3. d5 b5 4. cxb5 a6 5. b6 d6 6. Nc3 Qxb6 7. a4 g6 8. a5 Qc7
9. e4 Bg7 10. Bc4 O-O 11. f4 Bd7 12. Nf3 Bb5 13. Qd3 Bxc4 14. Qxc4 Nbd7 15. O-O
Rfb8 16. Ra4 Qb7 17. Re1 Ne8 18. e5 Nc7 19. exd6 exd6 20. Re7 Nb5 21. Ne4 Re8
22. Rxe8+ Rxe8 23. b4 Bd4+ 24. Nf2 Nc3 25. Ra3 Nxd5 26. Bd2 Bxf2+ 27. Kxf2 cxb4
28. Rd3 N7f6 29. Qb3 Qb5 30. Kg1 Qc5+ 31. Kf1 Ng4 0-1

[Event "Bremen-Bayern"]
[Site "?"]
[Date "2015.09.08"]
[Round "3.4"]
[White "Meyer, Irmin"]
[Black "Straub, Peter"]
[Result "1/2-1/2"]
[WhiteElo "1991"]
[BlackElo "2096"]
[PlyCount "129"]
[EventDate "2015.??.??"]

1. e4 c5 2. c3 Nf6 3. e5 Nd5 4. d4 e6 5. Nf3 Nc6 6. a3 cxd4 7. cxd4 d6 8. Bd3
Qc7 9. Qc2 dxe5 10. dxe5 Nxe5 11. Nxe5 Qxe5+ 12. Be2 Bd7 13. O-O Rc8 14. Qd2 Bc5
15. Bf3 O-O 16. Rd1 Bc6 17. Ra2 Ba4 18. Re1 Qd4 19. b4 Qxd2 20. Rxd2 Bb6 21.
Bxd5 exd5 22. Rxd5 Rc2 23. Rd2 Rfc8 24. Rxc2 Rxc2 25. Bd2 h6 26. Rc1 Ra2 27. Kf1
Bb5+ 28. Ke1 Bd3 29. Nc3 Rxa3 30. Nd5 Bd4 31. Nf4 Ba6 32. Ne2 Bb6 33. Nc3 Bd3
34. Nd5 Bd4 35. Nf4 Bb5 36. Ne2 Bb6 37. Nc3 Bc6 38. f3 a6 39. Rb1 Bd4 40. Ne2
Ra1 41. Rxa1 Bxa1 42. Nc3 Bb2 43. Kd1 Ba3 44. Nb1 Ba4+ 45. Ke2 Bb5+ 46. Kd1 Bb2
47. Nc3 Bd3 48. Na4 Bd4 49. Nc5 Bf1 50. g3 b6 51. Nb3 Bg1 52. h4 Bf2 53. Bf4 Bb5
54. Kd2 Bc4 55. Na1 f6 56. Nc2 g5 57. hxg5 fxg5 58. Bc7 b5 59. Ne3 Be6 60. Ke2
Bg1 61. Bb6 Kf7 62. Kf1 Bxe3 63. Bxe3 Kg6 64. g4 Bd5 65. Kf2 1/2-1/2

[Event "Rheinland-Pfalz 2-Berlin 2"]
[Site "?"]
[Date "2015.09.08"]
[Round "3.1"]
[White "Welz, Peter"]
[Black "Krieger, Hermann"]
[Result "1-0"]
[WhiteElo "2095"]
[BlackElo "2206"]
[PlyCount "97"]
[EventDate "2015.??.??"]
[WhiteTeam "Berlin 2"]
[BlackTeam "Rheinland-Pfalz 2"]

1. e4 c5 2. Nc3 Nc6 3. g3 g6 4. Bg2 Bg7 5. d3 d6 6. f4 e6 7. Nf3 Nge7 8. O-O O-O
9. Kh1 Rb8 10. a3 b6 11. Be3 d5 12. Bg1 d4 13. Ne2 f6 14. g4 e5 15. f5 Bh6 16.
Qe1 Kg7 17. Qg3 Kh8 18. Qh4 Ng8 19. Bf2 Rb7 20. Rg1 Rg7 21. Bh3 g5 22. Qg3 Re7
23. Bf1 Bg7 24. h4 h6 25. Rg2 Rff7 26. Qh3 Rc7 27. Ng3 Bf8 28. Nh5 Rh7 29. Bg3
Bd6 30. Rh2 Bd7 31. Be2 Be8 32. Rg1 Qe7 33. Be1 b5 34. Bd2 Qd8 35. Ng3 Rb7 36.
Kg2 Rbg7 37. Rgh1 Qc7 38. hxg5 hxg5 39. Bxg5 fxg5 40. Nxg5 Nf6 41. Nxh7 Rxh7 42.
g5 Rxh3 43. Rxh3+ Kg7 44. gxf6+ Kxf6 45. Rh7 Bf7 46. R1h6+ Kg5 47. Bh5 Nd8 48.
Kf3 Qe7 49. Bxf7 1-0